CIVIL ENGINEERS REFERENCE HANDBOOK (Record no. 574283)

000 -LEADER
fixed length control field 00305nam a22001337a 4500
020 ## - INTERNATIONAL STANDARD BOOK NUMBER
International Standard Book Number 0-408-704756
082 ## - DEWEY DECIMAL CLASSIFICATION NUMBER
Classification number 624 CIV'B
100 ## - MAIN ENTRY--PERSONAL NAME
Personal name BLAKE, L.S
9 (RLIN) 25139
245 ## - TITLE STATEMENT
Title CIVIL ENGINEERS REFERENCE HANDBOOK
250 ## - EDITION STATEMENT
Edition statement 3RD
260 ## - PUBLICATION, DISTRIBUTION, ETC.
Place of publication, distribution, etc. LONDON
Name of publisher, distributor, etc. BUTTERWORTH
Date of publication, distribution, etc. 1975
300 ## - PHYSICAL DESCRIPTION
Extent XIV, 44-22
942 ## - ADDED ENTRY ELEMENTS (KOHA)
Koha item type Book
Holdings
Withdrawn status Lost status Damaged status Not for loan Permanent Location Current Location Shelving location Date acquired Total Checkouts Full call number Barcode Date last seen Price effective from Koha item type
        College of Electrical & Mechanical Engineering (CEME) College of Electrical & Mechanical Engineering (CEME) Reference 07/28/2017   624 CIV'B CEME-22560 06/28/2021 06/28/2021 Book
© 2023 Central Library, National University of Sciences and Technology. All Rights Reserved.